| 000 | 00609nam a2200193 a 4500 | ||
|---|---|---|---|
| 005 | 20220603063557.0 | ||
| 008 | 991125s1996 mx 000 0 spa u | ||
| 020 | _a9681647270 | ||
| 035 | _aUPN01000037631 | ||
| 049 | _aI | ||
| 050 | 4 |
_aPZ74 _bP458 |
|
| 100 | 1 |
_aPestum, Jo, _d1936- _938679 |
|
| 245 | 1 | 0 |
_aMaya y el truco para hacer la tarea / _ctr. Viviana Aguirre ; il. Martha y Carolina Avilés. |
| 260 |
_aMéxico : _bFCE, _c1996. |
||
| 300 |
_a41 p. : _bil. |
||
| 440 | 2 |
_aA la orilla del viento. _pPara los que estan aprendiendo a leer ; _v80 |
|
| 650 | 4 |
_aCuentos infantiles _96744 |
|
| 905 | _aInfantil | ||
| 999 |
_c37631 _d37631 |
||